000 00631nam a2200241Ia 4500
003 OSt
005 20220926024419.0
006 a|||||r|||| 00| 0
007 ta
008 220923b |||||||| |||| 00| 0 eng d
037 _cGeneral Book
040 _aRTL
_cRTL
_beng
041 _2eng
_aeng
082 _aX:3L, M2
100 _aHARVEY David
_923597
245 0 _aLimits to capital
260 _aOxford
_bBasil Blackwell
_c1982
300 _axviii, 473p
_ccm.
500 _aBibliography: P 452-65
650 _aWages
_9229845
942 _hX:3L, M2
_cGB
_2CC
999 _c644142
_d644142